| 000 | 00487nam a2200181Ia 4500 | ||
|---|---|---|---|
| 008 | 240925s9999 xx 000 0 und d | ||
| 020 | _a135718376 | ||
| 082 | _a621.382 BLA | ||
| 100 | _aBlack, Uyless | ||
| 245 | 0 | _aATM, Volume II: signaling in broadband networks | |
| 250 | _aNA | ||
| 260 |
_aNew Jersey: _bPrintice- Hall Int. _c,1998. |
||
| 300 |
_axxii,482p. _bNA _fOriginal |
||
| 500 | _aIncludes Index | ||
| 600 | _aEngineering Technology | ||
| 650 | _aTechnology | ||
| 942 | _cBK | ||
| 999 |
_c6373 _d6373 |
||